[Event "ESP-chT"]
[Site "Sanxenxo"]
[Date "2004.11.20"]
[Round "3"]
[White "Carlsen, Magnus"]
[Black "Gurevich, Mikhail"]
[Result "1/2-1/2"]
[WhiteElo "2581"]
[BlackElo "2644"]
[Annotator "Finkel,A"]
[PlyCount "86"]
[EventDate "2004.11.18"]
[EventType "team"]
[EventRounds "9"]
[EventCountry "ESP"]
[SourceTitle "CBM 105"]
[Source "ChessBase"]
[SourceDate "2005.04.11"]
[SourceVersion "1"]
[SourceVersionDate "2005.04.11"]
[SourceQuality "1"]

1. e4 e6 2. d4 d5 3. Nc3 Bb4 4. e5 b6 $5 {Playing against 13 years old boy
Gurevich is looking for less popular line hoping to force his opponent to be
on his own from the very beginning.} 5. a3 Bf8 6. Nf3 a5 (6... Qd7) 7. Bb5+ {
Opting for the most popular reply.} (7. h4 h6 (7... h5 8. Bb5+ c6 9. Ba4 Ba6
10. Ne2 Bxe2 11. Qxe2 b5 12. Bb3 a4 13. Ba2 Nd7 14. c3 $14 {Shomoev,A-Vaganian,
R/Istanbul 2003}) 8. h5 Ba6 9. Bxa6 Nxa6 10. Rh4 Ne7 11. Rf4 Qd7 12. b3 c6 13.
a4 Nc8 14. Rg4 $14 {Yurtaev,L-Tulchinsky,M/Tomsk 1997}) (7. a4 Ne7 8. Bd3 Ba6
9. O-O Bxd3 10. Qxd3 Nbc6 (10... Nf5 11. Ne2 Be7 12. Ng3 g6 13. Nxf5 gxf5 14.
Bh6 Rg8 $13 {Jakovenko,D-Kosyrev,V/Internet 2004}) 11. Ne2 Nb4 12. Qd1 Nf5 13.
Ng3 g6 14. b3 Be7 15. c3 Na6 16. Nxf5 gxf5 17. Bh6 Rg8 $132 {Jakovenko,
D-Vaganian,R/Sochi 2004}) 7... c6 8. Ba4 Ba6 (8... b5 9. Bb3 Nd7 10. Ne2 c5 11.
c3 c4 12. Bc2 Ne7 13. Ng5 g6 14. Nf4 Nb6 15. h4 $16 {Labib,I-Mohamed,F/Cairo
1996}) 9. Ne2 Bxe2 {After trading the lightsqared bishop black intends to
close up the queenside putting all his pawns on the light squares.} (9... Ne7
10. c3 (10. O-O Nf5 11. Re1 b5 12. Bb3 c5 13. c3 Nc6 14. Bc2 g6 15. Bg5 Be7 16.
Bxe7 Qxe7 17. dxc5 Qxc5 18. Bxf5 gxf5 19. Ned4 $16 {Fedorowicz,J-Zerm,A/
Philadelphia 1997}) 10... h6 11. h4 Bb5 12. Bc2 c5 13. g3 Qc8 14. O-O Nbc6 15.
Re1 $14 {Diaz,J-Nikolic,Z/Vrnjacka Banja 1988}) (9... Bb5 10. Bb3 Ne7 11. c3 c5
12. O-O Nbc6 13. Re1 Nf5 14. Bc2 $14 {Singer,C-Vogel,J/Krumbach 1991}) (9...
Qc7 10. c3 Ne7 11. O-O Nd7 12. Re1 h6 13. Nf4 g6 14. Be3 Bg7 15. Bc2 c5 16. Qd2
$14 {Leoncini,M-Turci,S/Forli 1993}) 10. Qxe2 b5 11. Bb3 a4 12. Ba2 Nd7 13. c3
Nb6 (13... h6 14. Bb1 Ne7 15. Bd3 Qc7 16. h4 Nb6 17. h5 Nc4 18. g3 Nc8 19. Kf1
N8b6 20. Kg2 $14 {Lutz,C-Fries Nielsen,J/Copenhagen 1995}) 14. Bb1 Nc4 {
It seems that white has an advantage, but the Norvegian prodigy didn't succeed
to find a key to the position.} 15. Ng5 {It's obvious that white should try to
break through on the kingisde, but it's easier said, than done since black's
position is very solid.} (15. Bd3 h5 16. O-O g6 17. Rb1 Be7 18. g3 Nh6 19. Kg2
Kd7 $13) 15... g6 16. Qf3 (16. f4 $6 h5 17. g3 Nh6 18. h3 Nf5 19. Rg1 c5 $15)
16... Qe7 17. Qg3 Kd7 18. h4 $6 h5 19. Nh3 Nh6 20. Bg5 (20. Bd3 Nf5 21. Bxf5
gxf5 22. Bg5 Qe8 23. Bf6 Rh6 24. Rb1 Be7 25. Bg5 Rh8 26. Nf4 Qg8 $132) 20...
Qe8 21. Ra2 $6 {[%csl Ra2] Such a move simply can't be correct, since the rook
is cut off the game on a2.} Be7 22. Nf4 $6 Kc7 23. Nd3 (23. Bd3 $5 {[%cal
Ge1d1,Gd1c2,Ga2a1]}) 23... Nf5 24. Qf4 Kb6 25. Rh3 Qd8 26. Nc5 {[%csl Rc5]} Qc7
27. Bxe7 Qxe7 $15 {Black's opening plan worked out just perfectly, however the
only possibility to play for a win is to push g5, which might not be enough
since white may easily protect the pawn on g2.} 28. Bd3 Rhg8 {[%cal Gg6g5]} 29.
Kf1 Rg7 30. Kg1 Kc7 $5 {[%csl Ga4] Black is getting ready for B:c4.} (30...
Rag8 $5 31. Bxc4 bxc4 32. Nxa4+ Kb5 33. Nc5 g5 34. a4+ Kb6 35. hxg5 Rxg5 36.
a5+ Ka7 $13) 31. Kf1 g5 (31... Rag8 32. Be2 (32. Bxc4 $6 bxc4 33. Nxa4 g5 34.
hxg5 Rxg5 35. Rh2 Rg4 $17 {[%csl Ra2,Rh2]}) 32... g5 33. hxg5 Rxg5 34. Bf3) 32.
hxg5 Rxg5 33. Be2 Rag8 34. Bf3 Rg4 ({May be black shouldn't force the matters
by} 34... h4 {[%cal Ge7f8,Gf8h6] followed by Qf8-h6 or Qf8-g7 with
considerable pressure.}) 35. Bxg4 Rxg4 36. Qc1 Rh4 37. Rxh4 Qxh4 38. Kg1 Qg4
39. Nd3 (39. f3 Qh4 40. b3 Ng3 41. Qe1 axb3 42. Nxb3 Qh1+ 43. Kf2 Qh4 $44)
39... Nh4 40. Ne1 Qe2 41. Nc2 Qg4 (41... Nd2 $5 42. Ne3 Ne4 43. Qf1 $140 (43.
Qc2 Qe1+ 44. Nf1 Ng6 $44) 43... Nxc3 $1 {[%csl Ra2]} 44. Ra1 Qxb2 $15) 42. Ne1
Qe2 43. Nc2 Qg4 1/2-1/2

[Event "American Continental 3rd"]
[Site "Buenos Aires"]
[Date "2005.08.16"]
[Round "11"]
[White "Spraggett, Kevin"]
[Black "Rodriguez Vila, Andres"]
[Result "1-0"]
[WhiteElo "2592"]
[BlackElo "2523"]
[Annotator "Finkel,A"]
[PlyCount "75"]
[EventDate "2005.08.06"]
[EventType "swiss"]
[EventRounds "11"]
[EventCountry "ARG"]
[SourceTitle "CBM 109"]
[Source "ChessBase"]
[SourceDate "2005.11.14"]
[SourceVersion "1"]
[SourceVersionDate "2005.11.14"]
[SourceQuality "1"]

1. e4 e6 2. d4 d5 3. Nc3 Bb4 4. e5 Ne7 5. a3 Bxc3+ 6. bxc3 b6 {Black's idea is
to trade the lightsquared bishop, which is black's main problem in many lines
of french defense.} (6... c5 {is the main line.}) 7. Qg4 Ng6 (7... Nf5 $6 8.
Bd3 h5 9. Qh3 g5 10. g4 Nh4 11. gxh5 f5 12. exf6 Qxf6 13. Qg4 Rg8 14. f4 $16)
8. h4 h5 9. Qd1 Ba6 (9... Nxh4 10. g3 Ng6 11. Rxh5 Rxh5 12. Qxh5 Ba6 13. Bg5
$16) 10. Bxa6 (10. Bg5 f6 $2 11. exf6 gxf6 12. Bxa6 Nxa6 13. Qd3 $18) 10...
Nxa6 11. Bg5 (11. Nf3 Qd7 12. a4 Nb8 13. O-O Nc6 14. Bg5 Na5 15. Nd2 Ne7 16.
Bxe7 Qxe7 17. g3 g6 $10 {Pietzsch,W-Byrne,R/Sarajevo 3/229 1967}) (11. a4 Nb8
12. a5 Nc6 13. axb6 cxb6 14. Ne2 Na5 15. Ng3 Qc7 16. Ra3 Nc4 17. Rb3 a5 $17 {
Van der Vorm,T-Rogers,I/Biel op 1992}) 11... Qd7 (11... Ne7 12. Ne2 Nb8 13. Nf4
g6 14. Bf6 Rg8 15. g4 {+/- Zuidema-Matanovic/Beograd 1964}) (11... f6 $5 12.
Qd3 Kf7 13. Rh3 $5 (13. Qxa6 fxg5 14. hxg5 Qxg5 15. Kf1 Nh4 16. g3 Nf5 17. Nf3
Qg4 18. Qd3 Raf8 19. Nh4 {1/2-1/2 Zuckerman,B-Byrne,R/USA-ch (07) 1965}) 13...
Nb8 14. Rf3 Nd7 15. Nh3 $13) (11... Qc8 12. Ne2 c5 13. O-O cxd4 14. cxd4 Qc4
15. Ng3 Nb8 16. f4 $1 Ne7 17. Bxe7 Kxe7 18. f5 $16 {Renet,O-Apicella,M/Clichy
59/(332) 1993}) 12. Ne2 Qc6 $6 {This square belongs to the knight, so I don't
really like 12...Qc6, even though white seems to keep slightly better chances
also after other moves:} (12... Ne7 13. Nf4 g6 14. a4 (14. Bf6 Rg8 15. Nh3 Qc6
16. Qd2 Nf5 17. Ng5 Nb8 18. O-O $14 {Nunn,J-Gdanski,J/Bundesliga 1999-2000})
14... Nb8 15. Bf6 (15. a5 Qc6 16. Qd2 Nd7 17. f3 Nf8 18. Bf6 $14 {Skripchenko,
A-Mainka,G/GM 2000}) 15... Rh7 16. f3 Ng8 17. Bg5 Nc6 18. g4 Nce7 19. Qd3 Rh8
$14 {Shmuter,L-Bykhovsky,Av/Tel Aviv Czerniak/1996}) (12... Qa4 13. Rh3 Ne7 14.
Nf4 g6 15. Qd2 Kd7 16. Bxe7 Kxe7 17. Rf3 Raf8 18. Nh3 c5 19. Ng5 $16 {Ivkov,
B-Byrne/Varna ol 1962}) (12... Nf8 13. Nf4 Qc6 14. Kd2 g6 15. g4 hxg4 16. h5
Kd7 17. Qxg4 Qc4 18. Rh3 Re8 19. Rah1 Kc8 $13 {Rodriguez,A-Ivkov/Cambados 1990
(33)}) 13. O-O (13. f4 Nb8 (13... Ne7 14. Bxe7 Kxe7 15. f5 $1 $36 {Ginzburg,
M-Rodriguez,A/Clarin GP f 1998}) 14. O-O Nd7 15. Qd3 $1 Ndf8 16. f5 $14 {
Portisch,L-Ivkov,B/Zagreb/1965/}) (13. Rh3 Kd7 14. Qd3 Qc4 15. Kd2 Raf8 16. Rg3
Nb8 17. Nf4 Nxf4 18. Bxf4 Rfg8 19. Bg5 Nc6 20. Rf3 Rf8 21. Qxc4 dxc4 {=
Makarichev-Vaganjan,R/URS 1980}) 13... Ne7 (13... Kd7 14. f4 Raf8 15. f5 exf5
16. Qd3 $14 Nb8 17. Rxf5 $16 {Abramovic-Lputian,S/Erevan/1982/}) (13... Nf8 14.
Qd3 Nb8 $6 15. Qf3 $1 Nbd7 $6 16. a4 a5 17. Rfe1 Qc4 18. Ng3 g6 19. Nf1 Nh7 20.
Bd2 Qa6 21. Ne3 $16 {Sadvakasov,D-Zaja,I/Istanbul 2000}) (13... Nb8 14. f4 Nf8
(14... Nd7 15. Qd3 $1 Ndf8 16. f5 $1 exf5 17. Rxf5 Ne6 18. Raf1 $16 {Portisch,
L-Ivkov,B/Zagreb 1965}) 15. f5 Nbd7 16. Qd3 g6 17. fxg6 Nxg6 18. Nf4 $16 {
Giaccio,A-Madina,M/Clarin GP1 Boca Juniors 1997}) 14. Qd3 (14. Bxe7 Kxe7 15. a4
Nb8 16. Qd2 Kf8 17. a5 Kg8 18. Rfe1 $14 {1-0 Groszpeter, A-Kelecevic,N/Lenk
2000 (30) Groszpeter,A-Kelecevic,N/12th Open 2000}) (14. Qd2 Qd7 $6 15. Qd3 Nb8
16. c4 Nbc6 17. cxd5 exd5 18. Nf4 Nd8 19. Bxe7 Kxe7 20. Qf3 $16 {Dominguez,
L-Sequera Paolini,J/Valencia 2000}) 14... Nb8 (14... Qc4 15. Qf3 Nf5 16. Ng3 g6
17. Bf6 Rh7 18. a4 Nb8 19. Nxf5 gxf5 20. Qg3 $16 {Timman,J-Ivkov,B/Amsterdam
IBM (09) 1971}) 15. Ng3 Nd7 {Taking square f6 under control to be able to play
g6. Unfortunately for black the knight is very passive on d7, so white gets a
comfortable advantage.} (15... Qc4 $6 16. Qf3 Nbc6 (16... g6 17. Qf6 $18) 17.
Nxh5 Rh7 18. Nf4 $16) 16. Qf3 g6 17. a4 $1 {It's obvious that black will have
to castle queenside, so white forces black to push a5. Once black pawn is on
a5 there is no way for black knights to come to c4 or to prevent white from
playing c4, which means black is doomed to passivity.} a5 18. Rfd1 {Useful
prophilaxis. White's plan is to transfer c4, so he protects a pawn on d4 just
in case...} Nf5 19. Ra3 {[%cal Gc3c4] White isn't concerned with 19...N:g3
otherwise he would've played} (19. Nf1 {deviating from exchange of the knights.
}) 19... Ra7 {[%csl Gc7] Protecting a pawn on c7 since white was threatening
to push c4.} (19... Nxg3 20. fxg3 $1 {Opening up f-file is very important.} Rh7
21. Rf1 Nb8 22. Qf6 Qd7 23. c4 $1 Nc6 (23... dxc4 $2 24. d5 $18 exd5 $140 25.
e6 Qxe6 (25... fxe6 26. Qf8#) 26. Qd8#) 24. cxd5 Qxd5 25. Rd1 $1 Qd8 26. Qf4
Qd5 27. Rf3 Qc4 28. Qf6 $16) (19... Qc4 20. Nf1 c5 21. Ne3 Nxe3 22. fxe3 cxd4
23. exd4 Rh7 24. Kh2 Kf8 25. Rf1 Kg8 26. Rf2 Rc8 $16) 20. Nf1 Nf8 21. Bc1 $5
Nh7 {[%csl Rh7] The knight is better placed on d7, so deserved attention} (
21... Nd7 {followed by ke8-d8-c8-b7.}) 22. g3 Kd7 $6 23. Ne3 $1 $16 {Black
can't prevent c4.} Kc8 24. c4 $1 Nxe3 25. Bxe3 Qd7 (25... f6 $6 26. exf6 (26.
Rc3 $5) 26... Rf8 27. Bg5 Qxc4 28. Re1 Qxc2 29. Rxe6 Nxg5 30. hxg5 Qc1+ 31. Kg2
Qxg5 32. Rae3 $18) 26. cxd5 exd5 27. c4 $1 {Pay attention that the knight on
h7 is out of play, so it's really easy or white to attack.} Rd8 (27... dxc4 28.
d5 Re8 29. Bf4 Qg4 30. Qxg4+ hxg4 31. Rc3 Nf8 32. Rxc4 $16) 28. Rc1 dxc4 29.
Rxc4 (29. Rac3 $5) 29... Qd5 30. Qe2 Rb7 31. Rb3 Qe6 32. Qc2 $1 {White's
intention is to push e6 in order to put additional pressure on c7 by Bf4.} Kb8
33. Rc6 Qd5 34. e6 $5 $18 {[%csl Rb6,Rc7][%cal Ge3f4]} (34. Rb5 Qf3 35. Rc3 Qg4
36. d5 $18) 34... fxe6 35. Bf4 Ka8 (35... Rd7 36. Rcxb6 Rxb6 37. Rxb6+ Kc8 38.
Rb5 $18) 36. Bxc7 Rc8 37. Rb5 Qd7 38. Rxa5+ $1 (38. Rxa5+ bxa5 39. Ra6+ Ra7 40.
Rxa7+ Kxa7 41. Qc5+ Kb7 42. Qb6+ Ka8 43. Qa6#) 1-0

[Event "ESP-chT Honor Gp2 49th"]
[Site "Sant Lluis"]
[Date "2005.09.02"]
[Round "3"]
[White "Naiditsch, Arkadij"]
[Black "Chernin, Alexander"]
[Result "1-0"]
[WhiteElo "2612"]
[BlackElo "2598"]
[Annotator "Finkel,A"]
[PlyCount "95"]
[EventDate "2005.08.31"]
[EventType "team"]
[EventRounds "5"]
[EventCountry "ESP"]
[SourceTitle "CBM 109"]
[Source "ChessBase"]
[SourceDate "2005.11.14"]
[SourceVersion "1"]
[SourceVersionDate "2005.11.14"]
[SourceQuality "1"]

1. e4 e6 2. d4 d5 3. Nc3 Bb4 4. e5 b6 5. a3 Bf8 6. f4 Ba6 7. Bxa6 Nxa6 8. f5 $1
{The most radical way to meet black's set up. White strives fro immediate
attack on the kingside.} (8. Qd3 Nb8 9. Nce2 (9. Nf3 Qd7 10. Be3 Nc6 11. O-O-O
Nge7 12. g4 g6 13. Nh4 h5 14. h3 Na5 15. f5 $16 {Schoellmann,J-De Francesco,K/
Bayern 1995}) 9... Ne7 10. Nf3 Nbc6 11. Bd2 Qd7 12. Ng3 h5 13. Nf1 Nf5 14. Ne3
Nxe3 15. Bxe3 g6 16. g3 $11 {McCurdy,G-Bilyap,S/Lugano 1968}) (8. Nf3 Ne7 9.
Qe2 Nb8 10. Be3 h5 11. O-O-O Nbc6 12. Bf2 Nf5 13. g3 Qd7 14. h3 O-O-O 15. g4
hxg4 16. hxg4 Rxh1 17. Rxh1 Nh6 18. Nd2 Kb8 $13 {Schmidt Schaeffer,S-Phildius,
B/Munich 1993}) 8... Qd7 (8... exf5 9. Qd3 Nb8 10. Qxf5 Qh4+ 11. g3 Ne7 (11...
Qxd4 $2 12. Qc8+ Ke7 13. Qb7 $18) 12. Qf2 $14) 9. fxe6 fxe6 10. Qd3 Nb8 11. Nf3
Nc6 (11... Ne7 12. O-O Nf5 13. Ng5 $1 {[%cal Gg5e6]} Nxd4 14. Nf7 Bc5 (14...
Rg8 15. Qxh7 $18) 15. Nxh8 $18) 12. Ng5 $1 $16 {Very natural and strong move!
Black's got a tough chice to make: it's either to give up a pawn on h7 or to
get stuck in the center with the king.} (12. Bg5 Nge7 13. O-O O-O-O 14. Nh4 Qe8
15. Ne2 Qh5 16. Nf3 h6 17. Nf4 Qg4 18. h3 Qf5 $11 {Moskovets,K-Rusov,V/St
Petersburg 2001}) 12... O-O-O {Black chooses to give up some material, but to
bring the king to safety.} (12... g6 13. O-O Nge7 14. Rf6 Nd8 15. Ne2 h6 16.
Nh3 Bg7 17. Rf1 g5 18. Ng3 $16) 13. Nxh7 Nge7 14. Bg5 (14. Ng5 Nf5 15. Nf3 Be7
16. Ne2 g5 17. g4 Nh4 18. Nxh4 gxh4 19. Bd2 $16) 14... Re8 15. g4 $1 {[%csl
Gf5] Depriving the knight an only good square!} Rxh7 $8 (15... Na5 16. O-O-O
Nc4 17. h4 $16) 16. Qxh7 Nxd4 17. Rf1 Ndc6 (17... c5 18. O-O-O Nec6 19. Rde1
$18 {[%cal Gh7g6,Gf1f7,Gh2h6]}) 18. Bf4 Na5 19. Bg3 $2 {Careless move after
which white has to win the game for the second time!} ({After correct} 19. b3
Nec6 20. Ne2 $18 {black has to be very creativ to get any counterplay.}) 19...
Nc4 20. Qd3 $5 (20. O-O-O $2 Ne3) 20... Nc6 $5 ({It was possible to take on b2,
even though it led to a dangerous position:} 20... Nxb2 21. Qa6+ Kb8 22. Rf7 (
22. Nb5 Nc6 $132) 22... Qc6 23. Nb5 Qxc2 (23... Qb7 $2 24. Qxb7+ Kxb7 25. Nd6+
cxd6 26. exd6 $18) 24. Qxa7+ Kc8 25. Rf3 $40) 21. b3 N4xe5 22. Qa6+ Kb8 23. Nb5
Bd6 24. Qa4 {[%csl Gg4]} (24. O-O-O Nxg4 $13) 24... Kb7 25. O-O-O a6 26. Nxd6+
cxd6 27. Qf4 $16 {White managed to consolidate the position. His winning plan
is perfectly simple: first of all he has to trade queens to deprive black an
attacking chances on the queenside. then he should trade the rooks, followed
by promotion of the pawn!} Rc8 28. Kb1 Qc7 29. Rf2 Na7 {[%cal Ga7b5,Gb5c3]} 30.
a4 Qc5 $6 (30... Nac6 $5) 31. Qd4 Nac6 $6 (31... Qc7) 32. Qxc5 bxc5 33. g5 Kc7
(33... d4 34. h4 Rh8 35. Rdf1 c4 36. Rf8 $16) 34. Rdf1 Re8 (34... Kd7 35. Rf8
Re8 36. h4 g6 37. R1f6 Ng4 38. Rxe8 Nxf6 39. Ra8 $18) 35. Rf8 Re7 36. h4 g6 37.
Rg8 Rh7 38. Rff8 Ne7 39. Rh8 Rg7 (39... Rxh8 40. Rxh8 Nf5 41. Bxe5 dxe5 42. Rh6
$1 Ne7 43. h5 $18) 40. Ra8 N5c6 41. a5 Nxa5 42. Ra7+ Nb7 (42... Kb6 43. Rd7 $18
) 43. Bxd6+ $1 Kb6 44. Bxe7 Kxa7 45. Bf8 Rf7 46. h5 gxh5 47. g6 Rf1+ 48. Kb2
1-0

[Event "Ciocaltea Memorial"]
[Site "Bucharest"]
[Date "2002.03.12"]
[Round "9"]
[White "Djukic, Nikola"]
[Black "Ionescu, Constantin"]
[Result "1-0"]
[WhiteElo "2383"]
[BlackElo "2481"]
[Annotator "Finkel,A"]
[PlyCount "67"]
[EventDate "2002.03.04"]
[EventType "tourn"]
[EventRounds "11"]
[EventCountry "ROU"]
[EventCategory "9"]
[SourceTitle "CBM 088"]
[Source "ChessBase"]
[SourceDate "2002.03.21"]
[SourceVersion "1"]
[SourceVersionDate "2002.03.21"]
[SourceQuality "1"]

1. e4 e6 2. d4 d5 3. Nc3 Bb4 4. e5 b6 5. Qg4 Bf8 6. Bb5+ c6 7. Ba4 a5 (7... Bd7
8. Nf3 Ne7 9. Nd1 h5 10. Qf4 Ng6 11. Qe3 c5 12. Bxd7+ Qxd7 13. c3 Nc6 14. O-O
$14 {Solomon,S-Johansen,D/Melbourne 1990/EXT 97}) (7... Ne7 8. Nh3 h5 9. Qd1
Nf5 10. Ne2 Be7 11. Ng3 Nxg3 12. hxg3 Ba6 13. g4 hxg4 14. Qxg4 $36 {Anka,
E-Varga,Z/Budapest 1989/TD}) 8. a3 Ba6 (8... Bd7 9. Nce2 c5 10. Bb3 c4 11. Ba2
b5 12. Bb1 Na6 13. Nh3 b4 14. O-O bxa3 15. Rxa3 $14 {Klip,H-Vallejo Pons,F/
Mondariz 1996/EXT}) (8... Ne7 9. Nce2 Ba6 10. c3 Nd7 11. Nh3 Qc7 12. O-O Nf5
13. Re1 h6 14. Nef4 $14 {David,A-Conquest,S/Amsterdam 1996/EXT 97}) 9. Nce2 (9.
Nge2 h5 10. Qf4 Ne7 11. Nd1 Bb5 12. Bxb5 cxb5 13. O-O Qd7 14. Qf3 Nbc6 15. c3
Nf5 16. Qd3 $14 {Kuczynski,R-Koutsin,S/Katowice 1993/EXT 98}) 9... Bb5 (9...
Bc4 10. c3 Bd3 11. Nf4 Bf5 12. Qe2 h6 13. h4 b5 14. Bd1 a4 15. g4 Be4 16. Rh3
$36 {Pikula,D-Huss,A/Biel 1997/CBM 60 ext}) (9... b5 10. Bb3 c5 11. c3 Nc6 12.
Nf3 g6 13. O-O Qb6 14. Be3 $14 {Vogt,L-Huss,A/SWZ 1993/TD}) 10. Bxb5 cxb5 11.
Nf3 {White's play in this game is very simple and logical. I guess it's not so
easy for black to find counter-play in this particular variation.} (11. Bg5 Qd7
12. c3 Nc6 13. Nf3 h6 14. Bd2 Nge7 15. Ng3 g6 16. h4 h5 17. Qh3 O-O-O $132 {
Middelburg,T-Vogel,J/Enschede 1998/CBM 62 ext}) 11... Nc6 12. O-O Qd7 13. b3
Nge7 14. Bd2 Ng6 $6 (14... Nf5 $5) 15. Ng3 f5 $6 {It's hard to come up with
something else, but this one leads to extremly dangerous position for black,
so may be blak shoul refrain from opening up a position in the center.} (15...
Be7 $6 16. h4 O-O 17. h5 Nh8 18. Bh6 $18) 16. exf6 gxf6 17. Rfe1 {[%csl Re6,
Rf6]} Kf7 (17... e5 18. Qh5 Bd6 19. Nf5 $36) 18. Nh5 Bd6 19. c4 $1 bxc4 20.
bxc4 Nce7 $2 {Permitting nice combination.} (20... Be7 21. Nf4 Nxf4 22. Qxf4
Rag8 $14) 21. Bg5 $1 f5 $8 (21... fxg5 22. Nxg5+ Kf8 23. Nxe6+ Kf7 24. Ng5+ Ke8
25. Nf6+ $18) 22. Qh3 h6 $6 (22... dxc4 23. Bf6 Rhc8 24. Ng5+ Kg8 25. Ng7 Nf8
26. N7xe6 $16) 23. Bxh6 $1 $18 {[%cal Gf3g5]} Rxh6 24. Ng5+ Kg8 25. Nf6+ Kg7
26. Nxd7 Rxh3 27. Nxh3 {White's material advantage is just too big to continue
the struggle!} (27. gxh3 $5) 27... dxc4 28. Nxb6 Ra6 29. Nxc4 Kf6 30. Rab1 Bc7
31. Rb5 a4 32. Ne5 Rd6 33. Nxg6 Nxg6 34. Rd1 1-0

[Event "American Continental 3rd"]
[Site "Buenos Aires"]
[Date "2005.08.10"]
[Round "5"]
[White "Kamsky, Gata"]
[Black "Zugic, Igor"]
[Result "1-0"]
[WhiteElo "2700"]
[BlackElo "2474"]
[Annotator "Finkel,A"]
[PlyCount "61"]
[EventDate "2005.08.06"]
[EventType "swiss"]
[EventRounds "11"]
[EventCountry "ARG"]
[SourceTitle "CBM 109"]
[Source "ChessBase"]
[SourceDate "2005.11.14"]
[SourceVersion "1"]
[SourceVersionDate "2005.11.14"]
[SourceQuality "1"]

1. e4 e6 2. d4 d5 3. Nc3 Bb4 4. e5 b6 5. Qg4 Bf8 6. Nf3 Qd7 7. Bd3 $5 {Not a
very popular plan in this position. In most of the cases white opts for} (7.
Bb5 c6 8. Ba4 a5 9. Bb3 {keeping the lightsquared bishops on the board.}) 7...
Ba6 (7... Nc6 8. a3 Bb7 9. Bg5 h6 10. Be3 O-O-O 11. h4 h5 12. Qg3 $14 {Sax,
G-Bronstein,D/Budapest 1977}) 8. O-O (8. Bxa6 Nxa6 9. O-O (9. a3 Ne7 10. O-O c5
11. dxc5 bxc5 12. Rd1 Nf5 13. Ne4 Rb8 14. Bg5 Qb5 $13 {Thijs,L-Janssen,R/
Lommel 2000}) 9... Ne7 10. Nd1 Nf5 11. Ne3 h6 12. Qh3 Be7 13. Nxf5 exf5 14. e6
Qxe6 15. Re1 Qd6 16. Qxf5 $14 {Tseshkovsky,V-Ravikumar,V/Calcutta 1986}) 8...
Ne7 9. Ne2 {White is making very natural moves not revealing his plans for the
middlegame. The knight is well placed on e2 regardless of black's decision
where to put his king. In case black opts for the kingside castle the knight
could be quickly transferred to h5, while in case of the queenside castle this
move proves to be very useful as white intends to double the rooks over the
c-file.} (9. Bg5 Bxd3 10. cxd3 Ng6 11. Rac1 h6 12. Be3 h5 13. Qh3 Nc6 14. a3
Nce7 $13 {Rogovski,V-Nosenko,A/Alushta 1999}) 9... Bxd3 (9... Nf5 10. Bxa6 Nxa6
11. Ng3 g6 12. Nxf5 exf5 13. Qh3 O-O-O 14. Bg5 Be7 15. e6 $1 fxe6 16. Ne5 Qe8
17. Bxe7 Qxe7 18. Nc6 $16 {Rohit,G-Lemos,D/Belfort 2005}) 10. cxd3 Nbc6 11. Bd2
O-O-O $6 {Very brave, but hardly a wise solution. Black king won't be safe on
the queenside.} (11... Nf5 12. Rac1 g6 13. Qh3 h5 14. Rc2 Rc8 15. Rfc1 Nce7 16.
Bg5 Bg7 17. Bf6 O-O 18. Ng5 $40) (11... Ng6 12. Rac1 Be7 13. Rc2 Bd8 14. Rfc1
Nce7 15. Ng3 $14) 12. b4 $1 Kb7 13. b5 Nb8 14. a4 $36 {[%csl Rb7,Rb8,Rd7,Rf8,
Rh8] A brief look at the position of the pieces is enough to figure out that
black's opening plan had failed!} f5 $6 {There is an old rule saying that one
shouldn't open up the position when opponent enjoys an advantage in
development!} (14... h5 $5 15. Qf4 Nf5 16. Ng3 (16. Rfb1 f6 17. Bc3 g5 18. Qc1
g4 19. Nd2 h4 $132) 16... g6 17. Nxf5 gxf5 18. Qh4 Be7 19. Bg5 $14) 15. exf6 (
15. Qg3 $5 {[%cal Gf1b1,Ga4a5]}) 15... gxf6 16. Rfe1 $1 {[%csl Re6] Black just
can't protect a pawn on e6.} Rg8 (16... Nf5 17. Ng3 Nxg3 18. hxg3 Re8) 17. Qh3
Nf5 18. Ng3 Nxg3 19. hxg3 Re8 20. Re2 {[%cal Ga1e1]} Bd6 (20... Rg7 21. Rae1
Rge7 22. Bb4 $16) 21. Rae1 a6 22. Rxe6 axb5 23. axb5 Qxb5 24. Qxh7 Rh8 25. Qf5
$1 {As long as the pawn on f6 is ''alive'' black may hope for successfull
defense, but once it's gone the game is pretty much over since he is helpless
to stop a march of a g-pawn.} Rxe6 26. Qxe6 Rf8 $6 (26... Nd7 27. Nh4 Ba3 28.
Nf5 Qc6 29. Qf7 $16) 27. Bh6 Rc8 28. Qxf6 $18 Qxd3 29. Qf7 Qc4 30. Rc1 Qb5 31.
g4 {[%cal Gg4g8]} 1-0